[Event "Druzynowe Mistrzostwa Polski II Liga"]
[Site "Szklarska Poreba"]
[Date "1899-12-30"]
[Round "8.89"]
[White "Kowalski, Maciej"]
[Black "Kmiecik, Emilia"]
[Result "1-0"]
[WhiteTitle "k"]
[BlackTitle "I+"]
[WhiteElo "2060"]
[BlackElo "1786"]

1. d4 d5 2. c4 c6 3. Nf3 Nf6 4. e3 Bg4 5. Qb3 Qc7 6. Ne5 e6 7. Nc3 Bf5 8. f3 Be7
9. g4 Bg6 10. h4 h6 11. Nxg6 fxg6 12. Kf2 Rf8 13. Kg2 dxc4 14. Bxc4 Nd5 15. Bd3
g5 16. Bg6+ Kd8 17. hxg5 Bxg5 18. Ne2 Nd7 19. f4 Be7 20. e4 Nxf4+ 21. Nxf4 Rxf4
22. Bxf4 Qxf4 23. Rhf1 Qxg4+ 24. Qg3 Qe2+ 25. Rf2 Qb5 26. Raf1 Nb6 27. Rf8+ Kd7
28. R8f7 Re8 29. Rxg7 Qxb2+ 30. Rf2 Qxd4 31. Bxe8+ Kxe8 32. Qb8+ Bd8 33. Rg8+
Ke7 34. Qxb7+ Nd7 35. Qxc6 Bb6 36. Rf1 Qd2+ 37. Kh1 Qd3 38. Rg7+ Kd8 39. Rxd7+
Qxd7 40. Rf8+ Ke7 41. Rf7+ Kxf7 42. Qxd7+ Kf6 43. Kg2 h5 44. Qb5 e5 45. Qe8 Bd4
46. Kh3 Kg5 47. Qe7+ Kf4 48. Qh4+ Kf3 49. Qe1 Bf2 50. Qb1 Kf4 51. Qd3 h4 52. Qe2
Bg3 53. Kg2 Kg5 54. Kf3 Bf4 55. Qa6 h3 56. Qxa7 h2 57. Kg2 Kg4 58. a4 h1=Q+ 59.
Kxh1 Kf3 60. Qb7 Be3 61. a5 Bd4 62. a6 Be3 63. a7 Bxa7 64. Qxa7 Kxe4 65. Kg2 Kd3
66. Qd7+ Ke3 67. Kf1 e4 68. Ke1 Kf3 69. Qh3+ Kf4 70. Ke2 Ke5 71. Ke3 Kd5 72. Qf5+
Kd6 73. Kxe4 Ke7 74. Ke5 Kd8 75. Qf7 Kc8 76. Kd6 Kb8 77. Kc6 1-0

[Event "Druzynowe Mistrzostwa Polski II Liga"]
[Site "Szklarska Poreba"]
[Date "1899-12-30"]
[Round "8.90"]
[White "Sandor, Aleksandra"]
[Black "Gosciniak, Maria"]
[Result "1/2-1/2"]
[WhiteTitle "I++"]
[BlackTitle "WFM"]
[WhiteElo "1905"]
[BlackElo "2070"]

1. d4 e6 2. e4 b6 3. g3 Bb7 4. Bg2 f5 5. d5 Nf6 6. dxe6 fxe4 7. exd7+ Nbxd7 8.
Ne2 Bc5 9. Nf4 Qe7 10. Nc3 O-O-O 11. Qe2 g5 12. Nh5 Nxh5 13. Qxh5 Rhf8 14. Be3
Bxe3 15. fxe3 Nc5 16. Rd1 Ba6 17. Bf1 Qf6 18. Bxa6+ Nxa6 19. Rxd8+ Rxd8 20. Rf1
Qd6 21. Qe2 Kb7 22. Rf7 h6 23. Qd1 Qxd1+ 24. Nxd1 Nb4 25. c3 Nxa2 26. Nf2 Nc1
27. Re7 Nd3+ 28. Nxd3 exd3 29. Kd2 b5 30. b4 Rd6 31. e4 Kc8 32. e5 Rd5 33. Rh7
Rxe5 34. Rxh6 Rd5 35. Rh5 1/2-1/2

[Event "Druzynowe Mistrzostwa Polski II Liga"]
[Site "Szklarska Poreba"]
[Date "1899-12-30"]
[Round "8.91"]
[White "Zebracki, Tomasz"]
[Black "Grochowalski, Pawel"]
[Result "1-0"]
[WhiteTitle "k"]
[BlackTitle "k+"]
[WhiteElo "2188"]
[BlackElo "2134"]

1. e4 c6 2. c4 d5 3. exd5 cxd5 4. cxd5 Nf6 5. Qa4+ Nbd7 6. Nc3 g6 7. Nf3 Bg7 8.
Bc4 O-O 9. d3 a6 10. Qa3 b6 11. O-O Bb7 12. Re1 Re8 13. Ng5 Rc8 14. Be3 Ne5 15.
Rad1 h6 16. Nge4 Nxe4 17. Nxe4 b5 18. Bb3 Bxd5 19. Nc5 Bxb3 20. Qxb3 Ng4 21. Ne6
Qd6 22. Bf4 Be5 23. Bxe5 Nxe5 24. d4 Nc4 25. Qh3 Kh7 26. b3 Nb6 27. Qf3 Kg8 28.
Qh3 Kh7 29. Nc5 Nd5 30. a3 a5 31. Qf3 1-0

[Event "Druzynowe Mistrzostwa Polski II Liga"]
[Site "Szklarska Poreba"]
[Date "1899-12-30"]
[Round "8.92"]
[White "Baumann, Dariusz"]
[Black "Paprocki, Jaroslaw"]
[Result "0-1"]
[WhiteTitle "k"]
[BlackTitle "k"]
[WhiteElo "2067"]
[BlackElo "2161"]

1. d4 Nf6 2. c4 e6 3. g3 d5 4. Nf3 Bb4+ 5. Bd2 Be7 6. Bg2 O-O 7. Qc2 c6 8. O-O
b6 9. Rd1 Ba6 10. b3 Nbd7 11. Bf4 Rc8 12. Nc3 Nh5 13. Bc1 f5 14. Bb2 Qe8 15. Nd2
g6 16. e3 Rf7 17. a4 Bb4 18. Ba3 Bxa3 19. Rxa3 Nhf6 20. Bf1 Bb7 21. a5 Qf8 22.
Rda1 b5 23. a6 Ba8 24. Ra5 bxc4 25. bxc4 c5 26. Nb5 Nb6 27. dxc5 Rxc5 28. Nd4
Rxa5 29. Rxa5 dxc4 30. Nxc4 Bd5 31. Ne5 Re7 32. Rc5 Nfd7 33. Nxd7 Rxd7 34. Rc7
Qd8 35. Rxd7 Qxd7 36. Nb5 Ba8 37. Qc5 Na4 38. Qd6 Qxd6 39. Nxd6 Nb6 40. Nb5 Nc8
41. Bc4 Bd5 42. Bxd5 exd5 43. Kf1 Kf7 44. Ke2 Ke6 45. Kd3 Kd7 46. Kd4 Kc6 47.
Nc3 Ne7 48. Ke5 Kb6 49. Kf6 Nc6 50. Nxd5+ Kxa6 51. Kg7 Kb5 52. Kxh7 Kc4 53. Kxg6
Kxd5 54. h4 Ne5+ 55. Kxf5 a5 56. f4 Nd7 57. e4+ Kd6 58. e5+ Kd5 59. e6 Nc5 60.
e7 Ne4 61. h5 Nd6+ 62. Kg6 Ke6 63. h6 Kxe7 64. h7 Nf7 65. Kg7 a4 66. f5 a3 67.
f6+ Ke6 68. g4 a2 69. g5 a1=Q 70. h8=Q Nxh8 71. Kxh8 Kf7 0-1

[Event "Druzynowe Mistrzostwa Polski II Liga"]
[Site "Szklarska Poreba"]
[Date "1899-12-30"]
[Round "8.93"]
[White "Wisniewski, Przemyslaw"]
[Black "Kulinski, Krzysztof"]
[Result "1/2-1/2"]
[WhiteTitle "k"]
[BlackTitle "k"]
[WhiteElo "2010"]
[BlackElo "2078"]

1. Nf3 c5 2. b3 d5 3. Bb2 Nf6 4. e3 e6 5. Ne5 Be7 6. Bd3 Nbd7 7. f4 O-O 8. Qf3
Nxe5 9. fxe5 Ne8 10. Qh3 g6 11. O-O f5 12. Nc3 Qb6 13. Nd1 c4 14. bxc4 dxc4 15.
Bxc4 Qb4 16. d3 b5 17. Bb3 Bd7 18. Bc3 Qa3 19. Bb2 Qb4 20. Bc3 Qa3 21. Rf4 a5
22. Bb2 Qc5 23. a4 Bg5 24. Rd4 Qa7 25. axb5 Ng7 26. Qg3 Be7 27. c4 Nh5 28. Qe1
f4 29. Re4 Bc8 30. d4 Qb7 31. d5 a4 32. Ba2 Bc5 33. Bd4 Qb6 34. Qc3 Bb7 35. Bxc5
Qxc5 36. Qd4 Qb4 37. Qc3 Qc5 38. Qd4 Qb4 39. Qc3 Qc5 40. Qd4 Qb4 1/2-1/2

[Event "Druzynowe Mistrzostwa Polski II Liga"]
[Site "Szklarska Poreba"]
[Date "1899-12-30"]
[Round "8.94"]
[White "Cichocki, Konrad"]
[Black "Rak, Tomasz"]
[Result "0-1"]
[WhiteTitle "I+"]
[BlackTitle "k"]
[WhiteElo "1864"]
[BlackElo "2051"]

1. c4 Nf6 2. Nc3 g6 3. Nf3 Bg7 4. g3 d6 5. Bg2 O-O 6. O-O a5 7. d4 Qe8 8. e4 e5
9. dxe5 dxe5 10. Be3 Na6 11. Qe2 h6 12. a3 a4 13. Qc2 Bd7 14. Rfd1 Bc6 15. Nd5
Nd7 16. Nh4 Rc8 17. c5 b6 18. cxb6 cxb6 19. Nxb6 Nxb6 20. Bxb6 Kh7 21. Qe2 Bb5
22. Qe3 Rc2 23. b4 Qc6 24. Rac1 Rc8 25. Bc5 Rxc1 26. Rxc1 Bf8 27. Bh3 Rc7 28.
Rc3 Nxc5 29. Qc1 Qxe4 30. Bg2 Qd4 31. Nf3 Qd6 32. bxc5 Rxc5 33. Rxc5 Qxc5 34.
Qxc5 Bxc5 35. Nxe5 f6 36. Ng4 Kg7 37. Bd5 Bxa3 38. Ne3 Bc5 39. Kg2 Bxe3 40. fxe3
Be8 0-1

[Event "Druzynowe Mistrzostwa Polski II Liga"]
[Site "Szklarska Poreba"]
[Date "1899-12-30"]
[Round "8.95"]
[White "Budnik, Mateusz"]
[Black "Augustowski, Janusz"]
[Result "1-0"]
[WhiteTitle "I++"]
[BlackTitle "I"]
[WhiteElo "1935"]
[BlackElo "1804"]

1. e4 c5 2. Nf3 Nc6 3. Bb5 a6 4. Bxc6 dxc6 5. d3 g6 6. Nc3 Bg7 7. Be3 b6 8. Qd2
Nf6 9. h3 O-O 10. Bh6 Qc7 11. Bxg7 Kxg7 12. Qe3 e5 13. O-O-O h6 14. g4 Rh8 15.
Rdg1 Bd7 16. Ne2 h5 17. g5 Nh7 18. Nh4 Be6 19. Qg3 Rhe8 20. Kb1 b5 21. f4 exf4
22. Nxf4 Qb8 23. Rf1 Nf8 24. Qf2 Qd6 25. Nxe6+ Qxe6 26. Qxc5 Nd7 27. Qf2 c5 28.
Ng2 Rec8 29. Nf4 Qd6 30. Nxh5+ gxh5 31. Qxf7+ Kh8 32. g6 1-0

[Event "Druzynowe Mistrzostwa Polski II Liga"]
[Site "Szklarska Poreba"]
[Date "1899-12-30"]
[Round "8.96"]
[White "Cichocka, Katarzyna"]
[Black "Borkowska, Zuzanna"]
[Result "0-1"]
[WhiteTitle "I++"]
[BlackTitle "I"]
[WhiteElo "1608"]
[BlackElo "1634"]

1. e4 e5 2. Nf3 Nc6 3. Bb5 Bc5 4. c3 d6 5. O-O Bd7 6. d4 exd4 7. cxd4 Bb6 8. Nc3
h6 9. Re1 Nf6 10. e5 dxe5 11. Nxe5 O-O 12. Nxd7 Nxd7 13. Bxc6 bxc6 14. Be3 Nf6
15. a3 Qd6 16. Qf3 Nd5 17. Ne4 Qg6 18. Rac1 Nxe3 19. fxe3 Rfe8 20. Nc5 Rad8 21.
Nb7 Rd5 22. Rf1 Rxe3 23. Qxe3 Bxd4 24. Qxd4 Rxd4 25. Rf2 Qg5 26. Rcf1 Qb5 27.
Rxf7 Qxb7 28. R7f2 Qb3 29. h3 Rd1 30. Rxd1 Qxd1+ 31. Kh2 c5 32. Rf3 Qd4 33. b3
c4 34. bxc4 Qxc4 35. Kg1 c5 36. Kf2 Qc2+ 37. Kf1 c4 38. Re3 c3 39. Ke1 0-1

[Event "Druzynowe Mistrzostwa Polski II Liga"]
[Site "Szklarska Poreba"]
[Date "1899-12-30"]
[Round "8.97"]
[White "Gierulski, Kamil"]
[Black "Stachanczyk, Jacek"]
[Result "0-1"]
[WhiteTitle "k+"]
[BlackTitle "IM"]
[WhiteElo "2219"]
[BlackElo "2218"]

1. d4 d5 2. Bf4 Nf6 3. e3 c5 4. Nf3 cxd4 5. exd4 Nc6 6. c3 Bg4 7. h3 Bh5 8. Qb3
Qc8 9. Ne5 e6 10. Bb5 Nd7 11. Nxc6 bxc6 12. Bd3 Be7 13. O-O O-O 14. Qc2 Bg6 15.
Bxg6 hxg6 16. Nd2 c5 17. dxc5 Bxc5 18. Nf3 a5 19. b3 Qa6 20. Qd2 Nf6 21. Ng5 Rfc8
22. Be5 a4 23. Rab1 Be7 24. Rfe1 Nd7 25. Bd4 Bxg5 26. Qxg5 e5 27. Be3 Rxc3 28.
f4 axb3 29. axb3 d4 30. Bd2 Rc2 31. fxe5 Nf8 32. Bf4 Ne6 33. Qg4 Qc6 34. Rbc1
Raa2 35. Bd2 Qd5 36. Rxc2 Rxc2 37. Re2 Qxb3 38. Qe4 Qb2 39. Qa8+ Kh7 40. Qa5 Nc5
41. Qd8 Ne6 42. Qa5 d3 43. Rf2 Qd4 44. Qb4 Rc1+ 45. Kh2 Qxf2 46. Bxc1 Nd4 47.
Kh1 Ne2 48. Be3 Ng3+ 0-1

[Event "Druzynowe Mistrzostwa Polski II Liga"]
[Site "Szklarska Poreba"]
[Date "1899-12-30"]
[Round "8.98"]
[White "Gumula, Daniel"]
[Black "Ziemniak, Piotr"]
[Result "1-0"]
[WhiteTitle "FM"]
[BlackTitle "I"]
[WhiteElo "2260"]
[BlackElo "1801"]

1. d4 Nf6 2. c4 g6 3. Nc3 Bg7 4. e4 d6 5. Nf3 O-O 6. h3 Nc6 7. Bg5 h6 8. Be3 e5
9. d5 Ne7 10. g4 Nd7 11. Rg1 Kh7 12. Qd2 a6 13. Bd3 Nc5 14. Bc2 a5 15. O-O-O Na6
16. h4 Rh8 17. Nh2 Bd7 18. f4 exf4 19. Bxf4 Nb4 20. Bb1 a4 21. Nf3 Qc8 22. g5
h5 23. Be3 Bg4 24. Rdf1 Rf8 25. Bd4 a3 26. Bxg7 Kxg7 27. b3 Na6 28. e5 Nf5 29.
Bxf5 Bxf5 30. exd6 cxd6 31. Nd4 Bd7 32. Ne4 Qc7 33. Qc3 Kg8 34. Nf6+ Kg7 35. Ne6+
1-0

[Event "Druzynowe Mistrzostwa Polski II Liga"]
[Site "Szklarska Poreba"]
[Date "1899-12-30"]
[Round "8.99"]
[White "Wozniak, Grzegorz"]
[Black "Garbowski, Jakub"]
[Result "1/2-1/2"]
[WhiteTitle "I"]
[BlackTitle "k"]
[WhiteElo "1694"]
[BlackElo "2156"]

1. d4 Nf6 2. Nf3 g6 3. e3 Bg7 4. Nbd2 d5 5. Bd3 O-O 6. O-O c5 7. c3 Nc6 8. Re1
b6 9. dxc5 bxc5 10. e4 e6 11. exd5 exd5 12. Bc2 a5 13. Nb3 Qd6 14. Be3 Nd7 15.
a4 Nce5 16. Be4 Bb7 17. g3 f5 18. Nxe5 Bxe5 19. Bg2 f4 20. Bxc5 Nxc5 21. Nxc5
fxg3 22. hxg3 Qxc5 23. Rxe5 Qxf2+ 24. Kh1 Qxg3 25. Bxd5+ Kh8 26. Qd4 Bxd5+ 27.
Rxd5+ Kg8 28. Rd7 Qf3+ 29. Kg1 Qg3+ 30. Kh1 Qf3+ 31. Kg1 Qg3+ 32. Kh1 Qf3+ 33.
Kg1 1/2-1/2

[Event "Druzynowe Mistrzostwa Polski II Liga"]
[Site "Szklarska Poreba"]
[Date "1899-12-30"]
[Round "8.100"]
[White "Siedlinski, Piotr"]
[Black "Nowakowski, Jacek"]
[Result "1-0"]
[WhiteTitle "k"]
[BlackTitle "II+"]
[WhiteElo "2132"]
[BlackElo "1583"]

1. e4 d6 2. d4 g6 3. Nc3 Bg7 4. Nf3 c6 5. a4 b6 6. Bc4 e6 7. Bg5 Ne7 8. Qd2 Ba6
9. Bxa6 Nxa6 10. Bh6 O-O 11. h4 d5 12. h5 dxe4 13. hxg6 exf3 14. Bxg7 fxg6 15.
Qh6 fxg2 16. Qxh7+ Kf7 17. Bxf8+ Kxf8 18. Qh8+ Ng8 19. Rg1 Qg5 20. Ne4 Qf4 21.
Qe5 Qxe5 22. dxe5 Nb4 23. O-O-O Nd5 24. Rxg2 Nge7 25. Ng5 Nf4 26. Rg4 1-0

[Event "Druzynowe Mistrzostwa Polski II Liga"]
[Site "Szklarska Poreba"]
[Date "1899-12-30"]
[Round "8.101"]
[White "Augustyn, Jan"]
[Black "Guzik, Jolanta"]
[Result "1/2-1/2"]
[WhiteTitle "II"]
[BlackTitle "WFM"]
[WhiteElo "1728"]
[BlackElo "2041"]

1. e4 d5 2. exd5 Qxd5 3. Nc3 Qa5 4. d4 Nf6 5. Bd2 Qb6 6. Nf3 c6 7. Be2 Bf5 8. O-O
e6 9. a4 Bd6 10. a5 Qc7 11. Na4 Nbd7 12. c4 O-O 13. b4 Ne4 14. Be3 Bxb4 15. Nh4
Bd6 16. h3 Bg6 17. Nxg6 hxg6 18. Bf3 Nef6 19. Qd2 Rfd8 20. Rfb1 e5 21. d5 e4 22.
Be2 Be5 23. Ra2 Rdb8 24. f4 exf3 25. Bxf3 cxd5 26. cxd5 Qd6 27. Rc2 Bh2+ 28. Kh1
Ne5 29. Bc5 Nxf3 30. Bxd6 Nxd2 31. Bxb8 Nxb1 32. Bxh2 Nxd5 33. Rb2 Nbc3 34. Nxc3
Nxc3 35. Rxb7 a6 36. Bb8 Nb5 37. Kg1 Na3 38. Kf2 Nc4 39. Bc7 f6 40. Ke2 Re8+ 41.
Kd3 Ne5+ 42. Kd4 Nc6+ 43. Kc5 Nxa5 44. Bxa5 Re5+ 45. Kb6 Re2 46. g4 Rh2 47. Kxa6
Rxh3 48. Bd2 Rd3 1/2-1/2

[Event "Druzynowe Mistrzostwa Polski II Liga"]
[Site "Szklarska Poreba"]
[Date "1899-12-30"]
[Round "8.102"]
[White "Pluta, Natalia"]
[Black "Polak, Sylwia"]
[Result "1/2-1/2"]
[WhiteTitle "I++"]
[BlackTitle "I"]
[WhiteElo "1814"]
[BlackElo "1371"]

1. c4 c6 2. d4 d5 3. Nf3 Nf6 4. Bg5 e6 5. e3 Be7 6. Nc3 O-O 7. Bd3 Nbd7 8. O-O
h6 9. Bh4 c5 10. cxd5 Nxd5 11. Bxe7 Qxe7 12. e4 cxd4 13. Nxd5 exd5 14. exd5 Nb6
15. Nxd4 Nxd5 16. Re1 Qd8 17. Be4 Nf6 18. Bf3 Qb6 19. Nb3 Be6 20. Re3 Rfd8 21.
Qe1 Bd5 22. Bxd5 Nxd5 23. Re4 Rac8 24. h3 Nf6 25. Rb4 Qc7 26. Rc1 Qb8 27. Rxc8
Qxc8 28. Qe5 b6 29. Qe2 Re8 30. Qd2 Qe6 31. Rd4 Qe1+ 32. Kh2 Qxd2 33. Nxd2 Kf8
34. Kg3 Ke7 35. Ne4 Nxe4+ 36. Rxe4+ Kd7 37. Rxe8 Kxe8 38. Kf4 Kd7 39. Ke5 Ke7
40. Kd5 Kd7 41. b4 Kc7 42. b5 Kd7 43. f4 h5 44. g4 hxg4 45. hxg4 Kc7 46. g5 g6
47. Ke5 Kd7 48. Kf6 Ke8 49. Kg7 Ke7 50. Kg8 Ke8 51. Kg7 Ke7 52. a3 Ke8 53. Kf6
Kf8 54. f5 gxf5 55. Kxf5 Ke7 56. Ke5 Kd7 57. Kd5 Kc7 58. Ke5 Kd7 59. Kf6 Ke8 1/2-1/2

[Event "Druzynowe Mistrzostwa Polski II Liga"]
[Site "Szklarska Poreba"]
[Date "1899-12-30"]
[Round "9.2"]
[White "Grabarczyk, Miroslaw"]
[Black "Marszalek, Maciej"]
[Result "1/2-1/2"]
[WhiteTitle "GM"]
[BlackTitle "m"]
[WhiteElo "2422"]
[BlackElo "2299"]

1. d4 d5 2. c4 e6 3. Nf3 Nf6 4. g3 c5 5. cxd5 exd5 6. Bg2 Nc6 7. O-O Be7 8. Nc3
O-O 9. dxc5 Bxc5 10. Na4 Be7 11. Be3 Re8 12. Rc1 Bg4 13. Nc5 Qb6 14. Na4 Qd8 15.
Nc5 Qb6 16. Na4 Qd8 17. Nc5 1/2-1/2

[Event "Druzynowe Mistrzostwa Polski II Liga"]
[Site "Szklarska Poreba"]
[Date "1899-12-30"]
[Round "9.3"]
[White "Widla, Piotr"]
[Black "Aliavdin, Nikolai"]
[Result "0-1"]
[WhiteTitle "I++"]
[BlackTitle "IM"]
[WhiteElo "2046"]
[BlackElo "2342"]

1. e4 Nf6 2. Nc3 d6 3. d4 g6 4. Bg5 Bg7 5. Nf3 h6 6. Bf4 Nc6 7. Be2 Bg4 8. d5 Nb8
9. Qd2 Nbd7 10. h3 Bxf3 11. gxf3 c6 12. Be3 Qa5 13. Kf1 Rc8 14. dxc6 bxc6 15.
Rd1 Nh5 16. f4 Bxc3 17. Qxc3 Qxc3 18. bxc3 Nhf6 19. Bf3 O-O 20. h4 h5 21. Rg1
c5 22. Rg5 Rfd8 23. Ke2 Rb8 24. Rdg1 Rb2 25. Kd3 Rxa2 26. Bxh5 c4+ 27. Kxc4 Nxe4
28. Rb5 Rc8+ 29. Kb3 Ra6 30. Bg4 Ndc5+ 31. Bxc5 Nxc5+ 32. Kc4 e6 33. Kd4 Kf8 34.
h5 gxh5 35. Bxh5 Ra4+ 36. Rb4 Ra2 37. Bd1 a5 38. Rb6 Ra4+ 39. c4 Nd7 40. Rxd6
Rcxc4+ 41. Ke3 Ke7 42. Ra6 Re4+ 43. Kf3 Rxf4+ 44. Kg3 Rfd4 45. Be2 Ra3+ 46. Kg2
Rd2 47. Ra7 Rxe2 48. Rd1 f5 49. Rdxd7+ Kf6 50. Rf7+ Kg5 51. Rg7+ Kf4 52. Rgc7
e5 53. Rc4+ e4 54. Rf7 Rf3 55. Kf1 Rfxf2+ 56. Kg1 Rxc2 0-1

[Event "Druzynowe Mistrzostwa Polski II Liga"]
[Site "Szklarska Poreba"]
[Date "1899-12-30"]
[Round "9.4"]
[White "Flak, Pawel"]
[Black "Popiol, Michal"]
[Result "1-0"]
[WhiteTitle "k"]
[BlackTitle "II+"]
[WhiteElo "2210"]
[BlackElo "2079"]

1. d4 Nf6 2. c4 g6 3. Nc3 Bg7 4. e4 d6 5. f3 O-O 6. Be3 Nc6 7. Nge2 a6 8. Qd2 Rb8
9. g4 b5 10. d5 Ne5 11. Nd4 c5 12. dxc6 bxc4 13. O-O-O Qe8 14. Bh6 Nxc6 15. Bxg7
Kxg7 16. Bxc4 Na5 17. Be2 Be6 18. e5 dxe5 19. Nxe6+ fxe6 20. g5 Nh5 21. Qe3 Nc6
22. Bxa6 Rf4 23. Bb5 Rb4 24. Qc5 R4xb5 25. Nxb5 Qc8 26. Kb1 Qa6 27. Rc1 Rb6 28.
Nc7 Qb7 29. Nxe6+ Kh8 30. Rc2 Ng7 31. Qd5 Nxe6 32. Qxe6 Kg7 33. Rhc1 1-0

[Event "Druzynowe Mistrzostwa Polski II Liga"]
[Site "Szklarska Poreba"]
[Date "1899-12-30"]
[Round "9.5"]
[White "Olesiak, Marcin"]
[Black "Jedryczka, Krystian"]
[Result "1/2-1/2"]
[WhiteTitle "I+"]
[BlackTitle "m"]
[WhiteElo "2076"]
[BlackElo "2208"]

1. d4 b5 2. Nf3 Bb7 3. Bf4 e6 4. e3 a6 5. c4 bxc4 6. Bxc4 Nf6 7. Nc3 d5 8. Be2
Nbd7 9. h3 c5 10. O-O Be7 11. Qa4 O-O 12. Rfc1 Qb6 13. Ne5 Rfd8 14. Bf3 Nxe5 15.
Bxe5 Nd7 16. dxc5 Nxc5 17. Qg4 f6 18. Bd4 h5 19. Qxh5 Qa5 20. b4 Qxb4 21. Rab1
Qa3 22. Bxc5 Bxc5 23. Na4 Bd6 24. Bd1 Rab8 25. Rc3 Qxa2 26. Bc2 f5 27. Qd1 d4
28. Bb3 Bh2+ 29. Kxh2 Qxf2 30. Bxe6+ Kf8 31. Rb2 Qh4 32. Rd3 Qe4 33. Nc5 Qe5+
34. Kg1 Qxc5 35. exd4 Qd6 36. Bxf5 g6 37. Rf2 Kg7 38. Qg4 Bc8 39. Rg3 Bxf5 40.
Rxf5 Qxd4+ 41. Qxd4+ Rxd4 42. Rc5 Rb6 43. Rc7+ Kh6 44. Ra7 Rc4 45. Ra3 Rcc6 46.
h4 Rc4 47. Ra8 Rxh4 48. R3xa6 1/2-1/2

[Event "Druzynowe Mistrzostwa Polski II Liga"]
[Site "Szklarska Poreba"]
[Date "1899-12-30"]
[Round "9.6"]
[White "Leszner, Liliana"]
[Black "Dziodzio, Angelika"]
[Result "0-1"]
[WhiteTitle "WIM"]
[BlackTitle "WFM"]
[WhiteElo "2055"]
[BlackElo "2108"]

1. e4 d6 2. d4 Nf6 3. Nc3 Nbd7 4. f4 c6 5. Nf3 Qc7 6. a4 e5 7. Bc4 h6 8. O-O Be7
9. Kh1 O-O 10. Bb3 exd4 11. Qxd4 Qb6 12. Qc4 Ng4 13. Qe2 Nc5 14. a5 Qc7 15. Bc4
Bf6 16. h3 Bxc3 17. hxg4 Bxa5 18. g5 h5 19. f5 d5 20. exd5 Bxf5 21. d6 Qxd6 22.
Rxa5 b5 23. Ba2 Ne4 24. Kg1 Ng3 25. Qd1 Qc7 26. b4 Rad8 27. Qe1 Nxf1 28. Qc3 Ng3
29. Qe3 Rd1+ 30. Kf2 Rf1# 31. Bd2 Re1 32. Bc1 0-1

[Event "Druzynowe Mistrzostwa Polski II Liga"]
[Site "Szklarska Poreba"]
[Date "1899-12-30"]
[Round "9.7"]
[White "Buraczewski, Rafal"]
[Black "Marczuk, Dominik"]
[Result "1/2-1/2"]
[WhiteTitle "k"]
[BlackTitle "k"]
[WhiteElo "2220"]
[BlackElo "2258"]

1. d4 f5 2. g3 Nf6 3. Bg2 g6 4. c4 Bg7 5. h4 O-O 6. Nh3 Nc6 7. O-O Qe8 8. d5 Ne5
9. Qc2 d6 10. Nd2 c6 11. e4 fxe4 12. Ng5 cxd5 13. cxd5 Qb5 14. Ngxe4 Nxd5 15.
a4 Qd3 16. Qxd3 Nxd3 17. Nxd6 exd6 18. Bxd5+ Kh8 19. Kg2 Nb4 20. Bf3 Bf5 21. Bxb7
Rae8 22. Ra3 Bd3 23. Rh1 Bd4 24. Nf3 Bc5 25. Bd2 Be4 26. Bxe4 Rxe4 27. Be3 Bxe3
28. Rxe3 Rxe3 29. fxe3 Nd5 30. e4 Ne3+ 31. Kf2 Ng4+ 32. Ke2 Rb8 33. Rc1 Rxb2+
34. Nd2 Ne5 35. Ke3 a5 36. Rc8+ Kg7 37. Ra8 Ng4+ 38. Kd3 Nf2+ 39. Kc3 Nd1+ 40.
Kd3 Nf2+ 41. Kc3 Nd1+ 42. Kd3 1/2-1/2

[Event "Druzynowe Mistrzostwa Polski II Liga"]
[Site "Szklarska Poreba"]
[Date "1899-12-30"]
[Round "9.8"]
[White "Chmiel, Marcin"]
[Black "Mickiewicz, Piotr"]
[Result "1/2-1/2"]
[WhiteTitle "k"]
[BlackTitle "m"]
[WhiteElo "2250"]
[BlackElo "2295"]

1. d4 Nf6 2. Bf4 d5 3. e3 c5 4. Nf3 Nc6 5. Nbd2 Qb6 6. dxc5 Qxb2 7. Rb1 Qc3 8.
Bd3 g6 9. O-O Bg7 10. Nd4 Nxd4 11. exd4 O-O 12. Be5 Ne4 13. Nxe4 dxe4 14. Rb3
Qa5 15. Bxg7 Kxg7 16. Bxe4 Qxa2 17. Qa1 Qxa1 18. Rxa1 Rd8 19. c3 e5 20. dxe5 a5
21. h4 a4 22. Rba3 Ra5 23. Rxa4 Rxc5 24. Rb4 Rxe5 25. Bxb7 Bxb7 26. Rxb7 Rd2 27.
Rb4 Rc2 28. Rf4 Rxc3 29. Ra7 Rf5 30. Rxf5 gxf5 31. Kh2 h5 32. Ra4 Kg6 33. f3 Rb3
34. Kg3 Rb2 35. Ra8 Rb4 36. Rg8+ Kh6 37. Rg5 f4+ 38. Kh2 f6 39. Rg8 Rb1 40. Re8
Kg6 41. Rg8+ 1/2-1/2

[Event "Druzynowe Mistrzostwa Polski II Liga"]
[Site "Szklarska Poreba"]
[Date "1899-12-30"]
[Round "9.9"]
[White "Pazderski, Ziemowit"]
[Black "Gbyl, Andrzej"]
[Result "1-0"]
[WhiteTitle "k+"]
[BlackTitle "k+"]
[WhiteElo "2266"]
[BlackElo "2236"]

1. d4 d5 2. c4 c6 3. Nf3 Nf6 4. Qb3 Qb6 5. Nc3 e6 6. c5 Qxb3 7. axb3 Na6 8. Ra4
b5 9. Ra5 Be7 10. Bf4 Nb4 11. Kd1 Ng4 12. Bg3 f6 13. h3 Nh6 14. e3 O-O 15. Na2
Nxa2 16. Rxa2 Re8 17. Kd2 a6 18. Be2 Ra7 19. Rha1 Bf8 20. Bh2 Nf7 21. Ne1 e5 22.
Nc2 exd4 23. exd4 Ng5 24. f3 Ne6 25. Bd3 g6 26. Kc3 Bg7 27. Re1 Kf7 28. Bd6 Ra8
29. f4 Bb7 30. Raa1 f5 31. Be5 Bxe5 32. fxe5 Ng5 33. Ra5 Ne4+ 34. Bxe4 dxe4 35.
Kd2 Ke6 36. Ke3 Red8 37. Nb4 Rd7 38. Rg1 Rad8 39. Nc2 Rf7 40. Raa1 h5 41. Raf1
Rdf8 42. g3 Kd5 43. Rf2 g5 44. Rgf1 a5 45. h4 gxh4 46. gxh4 Bc8 47. Kf4 Rg7 48.
Ne3+ Kxd4 49. Rd2+ Kxc5 50. Rc1+ Kb6 51. Rd6 Bb7 52. Rh6 Rd7 53. Rxh5 Rd2 54.
Rc2 Rd3 55. Rg5 c5 56. h5 Rxe3 57. Kxe3 f4+ 58. Ke2 b4 59. Rg6+ Ka7 60. Rf6 f3+
61. Ke3 Re8 62. e6 Bd5 63. Rxc5 Bxe6 64. Rxa5+ Kb7 65. Re5 1-0

[Event "Druzynowe Mistrzostwa Polski II Liga"]
[Site "Szklarska Poreba"]
[Date "1899-12-30"]
[Round "9.10"]
[White "Golda, Sebastian"]
[Black "Kowalec, Maciej"]
[Result "0-1"]
[WhiteTitle "k"]
[BlackTitle "k"]
[WhiteElo "2115"]
[BlackElo "2083"]

1. e4 e6 2. d4 d5 3. Nd2 c5 4. exd5 Qxd5 5. Ngf3 cxd4 6. Bc4 Qd6 7. O-O Nf6 8.
Nb3 Nc6 9. Nbxd4 Nxd4 10. Nxd4 a6 11. c3 Be7 12. Qe2 O-O 13. Bg5 Qc7 14. Rad1
b5 15. Bb3 Bb7 16. Rfe1 Kh8 17. Bc2 Nd5 18. Qe4 g6 19. Qh4 Bxg5 20. Qxg5 Qf4 21.
Qxf4 Nxf4 22. Be4 Bxe4 23. Rxe4 Nd5 24. Nc2 Rfc8 25. Red4 Kg7 26. Ne3 Nxe3 27.
fxe3 a5 28. Rd7 b4 29. Rf1 Rf8 30. c4 Rac8 31. b3 Rc5 32. Kf2 Rf5+ 33. Ke2 Rxf1
34. Kxf1 Rc8 35. Ke2 Rc5 36. Rb7 Kf6 37. e4 e5 38. Kd3 Ke6 39. Rb8 Ke7 40. g4
h6 41. Ke3 g5 42. Rb6 f6 43. Rb7+ Ke6 44. Rh7 Rc8 45. Rxh6 Rd8 46. h4 gxh4 47.
g5 Rd1 48. Rxf6+ Ke7 49. c5 h3 50. Rh6 Rc1 51. Kd3 Rxc5 52. Kd2 Rc3 53. Rh7+ Kf8
54. g6 Rg3 55. Rh5 Rg2+ 56. Kd3 h2 57. Kc4 Kg7 58. Kd5 Kxg6 59. Rh3 Kf6 60. Rh6+
Kg5 61. Rh8 Kf4 62. Rh4+ Kg3 63. Rh8 Rxa2 64. Kxe5 Kg2 65. Rg8+ Kf1 66. Rf8+ Kg1
0-1

[Event "Druzynowe Mistrzostwa Polski II Liga"]
[Site "Szklarska Poreba"]
[Date "1899-12-30"]
[Round "9.11"]
[White "Krasiewicz, Robert"]
[Black "Marczuk, Anna"]
[Result "1-0"]
[WhiteTitle "k+"]
[BlackTitle "k"]
[WhiteElo "2005"]
[BlackElo "1929"]

1. c4 f5 2. d4 Nf6 3. g3 d6 4. Bg2 g6 5. Nf3 Bg7 6. Nc3 O-O 7. O-O e6 8. Re1 Ne4
9. Qc2 Nxc3 10. Qxc3 Nc6 11. Bf4 Qf6 12. Rad1 e5 13. dxe5 dxe5 14. Be3 e4 15.
Qxf6 Bxf6 16. Nd4 Ne5 17. b3 Ng4 18. Bf4 c5 19. Nc2 Bc3 20. Rf1 Be6 21. f3 Nf6
22. Bd6 Rfc8 23. Be7 exf3 24. Bxf3 Ne4 25. Bxe4 fxe4 26. Bf6 Bxf6 27. Rxf6 Bg4
28. Kf2 Rf8 29. Rxf8+ Rxf8+ 30. Ke3 Bf5 31. Na3 Kf7 32. Nb5 Ke6 33. Rd2 a6 34.
Nc3 Re8 35. Rd5 b6 36. Na4 Rb8 37. Nc3 Re8 38. Kf4 h6 39. Re5+ Kd7 40. Rxe8 Kxe8
41. Nxe4 Kd7 42. Ke5 Kc6 43. Nc3 b5 44. e4 Bh3 45. cxb5+ axb5 46. Nd5 g5 47. Ne3
Bc8 48. Nf5 Kd7 49. Nd6 Ba6 50. Kd5 c4 51. bxc4 bxc4 52. Nxc4 Bb7+ 53. Ke5 h5
54. Nd2 h4 55. g4 Ba6 56. Kf5 h3 57. Nf3 Be2 58. Nxg5 1-0

[Event "Druzynowe Mistrzostwa Polski II Liga"]
[Site "Szklarska Poreba"]
[Date "1899-12-30"]
[Round "9.12"]
[White "Jedrocha, Katarzyna"]
[Black "Tarnowska, Aleksandra"]
[Result "1-0"]
[WhiteTitle "k"]
[BlackTitle "I++"]
[WhiteElo "1902"]
[BlackElo "1838"]

1. e4 c5 2. Nf3 e6 3. c3 d5 4. exd5 Qxd5 5. d4 Nf6 6. Be2 Be7 7. O-O O-O 8. Be3
cxd4 9. cxd4 Nc6 10. Nc3 Qd6 11. a3 Bd7 12. b4 Rac8 13. Qd2 Qb8 14. Rac1 Rfd8
15. Rfd1 Be8 16. Qb2 h6 17. g3 Bd6 18. Nb5 Nd5 19. Nxd6 Qxd6 20. Rc2 Nce7 21.
Rdc1 Rxc2 22. Rxc2 Ba4 23. Rc1 Nf5 24. Bd2 a6 25. Bd3 Nde7 26. Be4 Nxd4 27. Bc3
Nxf3+ 28. Bxf3 Nf5 29. Bxb7 Bb5 30. Be4 g6 31. Bf6 Re8 32. Be5 Qf8 33. h4 Rc8
34. Rxc8 Qxc8 35. Bxf5 exf5 36. Bg7 Qc4 37. Qa1 Qf1+ 38. Qxf1 Bxf1 39. Kxf1 Kxg7
40. a4 Kf6 41. b5 axb5 42. a5 b4 43. Ke2 Ke5 44. a6 Kd4 45. a7 1-0